Handbook of data structures and applications (Record no. 4311)
[ view plain ]
| 000 -LEADER | |
|---|---|
| fixed length control field | 00760 a2200205 4500 |
| 020 ## - INTERNATIONAL STANDARD BOOK NUMBER | |
| International Standard Book Number | 1584884355 |
| 040 ## - CATALOGING SOURCE | |
| Original cataloging agency | DLC |
| Language of cataloging | DLC |
| 082 00 - DEWEY DECIMAL CLASSIFICATION NUMBER | |
| Classification number | 005.73 |
| 245 00 - TITLE STATEMENT | |
| Title | Handbook of data structures and applications |
| Statement of responsibility, etc. | edited by Dinesh P. Mehta and Sartaj Sahni |
| 246 30 - VARYING FORM OF TITLE | |
| Title proper/short title | Data structures and applications |
| 260 ## - PUBLICATION, DISTRIBUTION, ETC. | |
| Place of publication, distribution, etc. | Boca Raton, Fla. : |
| Name of publisher, distributor, etc. | Chapman & Hall/CRC, |
| Date of publication, distribution, etc. | c2005. |
| 300 ## - PHYSICAL DESCRIPTION | |
| Extent | 1 v. (various pagings) : |
| Other physical details | ill. ; |
| Dimensions | 27 cm. |
| 440 #0 - SERIES STATEMENT/ADDED ENTRY--TITLE | |
| Title | Chapman & Hall/CRC computer and information science series |
| 650 #0 - SUBJECT ADDED ENTRY--TOPICAL TERM | |
| Topical term or geographic name entry element | System design |
| 650 #0 - SUBJECT ADDED ENTRY--TOPICAL TERM | |
| Topical term or geographic name entry element | Data structures (Computer science) |
| 700 1# - ADDED ENTRY--PERSONAL NAME | |
| Personal name | Mehta, Dinesh P. |
| 700 1# - ADDED ENTRY--PERSONAL NAME | |
| Personal name | Sahni, Sartaj. |
| 856 42 - ELECTRONIC LOCATION AND ACCESS | |
| Materials specified | Publisher description |
| Uniform Resource Identifier | <a href="http://www.loc.gov/catdir/enhancements/fy0646/2004055286-d.html">http://www.loc.gov/catdir/enhancements/fy0646/2004055286-d.html</a> |
| 942 ## - ADDED ENTRY ELEMENTS (KOHA) | |
| Koha item type | Book |
| Call number prefix | 005.73 MEH |
| Source of classification or shelving scheme | |
| Withdrawn status | Lost status | Damaged status | Not for loan | Collection code | Permanent Location | Current Location | Shelving location | Date acquired | Source of acquisition | Cost, normal purchase price | Full call number | Barcode | Date last seen | Price effective from | Koha item type | Total Checkouts |
|---|---|---|---|---|---|---|---|---|---|---|---|---|---|---|---|---|
| Central Library (CL) | Central Library (CL) | First Floor - Operating System/ Data Structure | 09/18/2007 | A & J Def Tek Concultants | 7984.35 | 005.73 MEH | SEECS008600 | 11/14/2012 | 01/05/2017 | Reference | ||||||
| Central Library (CL) | Central Library (CL) | First Floor - Operating System/ Data Structure | 03/25/2005 | A&J Def Tek Consultant | 7042.63 | 005.73 MEH | SEECS005482 | 11/14/2012 | 01/05/2017 | Book |
